| 000 | 00441cam a2200169ua 4500 | ||
|---|---|---|---|
| 003 | OSt | ||
| 008 | 250731b |||||||| |||| 00| 0 eng d | ||
| 041 | _aeng | ||
| 082 |
_a625 _bHEN/FU |
||
| 100 |
_aHennes, Robert G . _97635 |
||
| 245 | _aFundamentals of transporation engineering / | ||
| 250 | _a1 / | ||
| 260 |
_aNew York : _bMcGraw Hill Book Company , _c1955. |
||
| 300 | _a520 ; . | ||
| 700 | 1 |
_aEkse, Martin . _97636 |
|
| 942 | _cBK | ||
| 999 |
_c11082 _d11082 |
||